000 00627nam a2200229Ia 4500
003 OSt
005 20220918210513.0
006 a|||||r|||| 00| 0
007 ta
008 220917b |||||||| |||| 00| 0 eng d
024 _a120,739
037 _cTextual
040 _aARTS
_cARTS
_beng
041 _2eng
_aeng
082 _aV73:6.M7<-M3, M5.1
100 _aRipley C Peter ed
_9118424
245 0 _aBlack abolitionist papers
260 _aChapel
_bHill Univ of North Carolina Press
_c1985
650 _aHISTORY
942 _hV73:6.M7<-M3, M5.1
_cTEXL
_2CC
999 _c243995
_d243995